| 000 | 00510nam a2200193Ia 4500 | ||
|---|---|---|---|
| 005 | 20250507130314.0 | ||
| 008 | 008 250505s9999 xx 000 0 eng d | ||
| 037 | _aSeries Article | ||
| 040 |
_aEASL _beng _cEASL |
||
| 041 |
_aeng _2eng |
||
| 084 | _qEASL | ||
| 100 |
_aChu Cindy Yik-Yi _9674575 |
||
| 245 | 0 | _aHuman trafficking and smuggling in China | |
| 260 |
_aLondon _bLondon Routledge _c2011 |
||
| 300 | _a39-52 pp. | ||
| 650 | _aChina | ||
| 942 | _cSRA | ||
| 999 |
_c1318889 _d1318889 |
||